Loading...
Abhinaya Padangal
| Main Author: | |
|---|---|
| Other Authors: | |
| Format: | Printed Book |
| Language: | English |
| Published: |
Kozhikode
Mathrubhumi Books
2012
|
| Subjects: |
| LEADER | 00527nam a22001577a 4500 | ||
|---|---|---|---|
| 008 | 140224b xxu||||| |||| 00| 0 eng d | ||
| 082 | |a 854 BOL/A | ||
| 100 | |a Boleslavsky ,Richard | ||
| 245 | |a Abhinaya Padangal | ||
| 260 | |a Kozhikode |b Mathrubhumi Books |c 2012 | ||
| 300 | |a 95p. | ||
| 653 | |a Study ( Malayalam Tr.) | ||
| 700 | |a Tr. By Abraham T M | ||
| 942 | |c BK | ||
| 999 | |c 259334 |d 259334 | ||
| 952 | |0 0 |1 0 |4 0 |6 854_000000000000000_BOL_A |7 0 |9 288736 |a RUS |b RUS |c ST1 |d 2015-05-15 |i 8847 |l 0 |o 854 BOL/A |p RUS8847 |r 2015-05-15 |v 70.00 |w 2015-05-15 |y BK | ||